Missing Word: United Kingdom by the Letter Quiz Stats

 Plays Quiz Updated Jun 15, 2019

Score 0/13 Timer 06:00
0 Plays Today
Fact Answer % Correct
The River ______ goes through London, serving as a major waterway and tourist destination.Thames
96.8%
The United Kingdom is made up of four constituent countries: _______, Wales, Scotland, and Northern Ireland.England
96.8%
Charles _______, widely considered to be one of the greatest authors of all time, lived in London and wrote such classics as Oliver Twist.Dickens
95.9%
As one of the oldest universities in Europe, ______ has gained worldwide prestige and is considered one of the best schools in the world.Oxford
95.6%
As well as having many real monarchs, the UK was the home of the legendary ____ ______ and his sword, Excalibur.King Arthur
92.5%
Once called the 'Jewel in the Crown' of the British Empire, _____ is still part of the Commonwealth after gaining independence in 1947.India
90.5%
As an ultimatum after many years of conflict with France, Britain and her allies beat ________ at the Battle of Waterloo, starting a period of peace between the two rivals.Napoleon
89.3%
_____ is a town in Scotland famous for housing the Ninewells Hospital and for coming after 'Crocodile' in a film title.Dundee
89.2%
_____ ______ was a famous Briton who in his lifetime theorized about gravity, wrote Opticks, and possibly invented calculus.Isaac Newton
86.2%
Three of the UK's four constituent countries are located on the island of _____ _______.Great Britain
85.1%
Co-headquartered in both London and Rotterdam, ________ is the seventh most valuable European company and one of the largest consumer products companies in the world.Unilever
58.7%
While a majority of the UK's population is in England and Scotland, Wales has major urban areas like Cardiff, Swansea, and _______, which became a city in 2002.Newport
43.4%
One of the UK's few remnants of their former empire, __________ is known for its Irish heritage and volcanic activity, which caused the capital of Plymouth to be evacuated.Montserrat
19.9%

Today's Daily Dose

Word Ladder
Lean on Me

Get the Picture
Superhero by Villain

You're not logged in!

Compare scores with friends on all Sporcle quizzes.
OR
Log In

Sporcle TV

Today on Sporcle TV


Watch our educational content, quiz creation guides, and fun videos on Sporcle TV.

Show Comments

Extras

Top Quizzes Today


Score Distribution

Your Account Isn't Verified!

In order to create a playlist on Sporcle, you need to verify the email address you used during registration. Go to your Sporcle Settings to finish the process.

Report this User

Report this user for behavior that violates our Community Guidelines.

Details: